Los tetracloronitrobencenos, los tetraclorodinitrobencenos y el pentacloronitrobenceno (Record no. 33114)

MARC details
000 -LEADER
campo de control de longitud fija 00683nam a2200181 i 4500
001 - NÚMERO DE CONTROL
campo de control 33114
003 - IDENTIFICADOR DE NÚMERO DE CONTROL
campo de control ES-MaACL
005 - FECHA Y HORA DE LA ÚLTIMA TRANSACCIÓN
campo de control 20230906154710.0
007 - CAMPO FIJO DE DESCRIPCIÓN FÍSICA--INFORMACIÓN GENERAL
campo de control de longitud fija t|
008 - DATOS DE LONGITUD FIJA--INFORMACIÓN GENERAL
campo de control de longitud fija 030201s1926 sp ||||1| spa d
100 1# - ENTRADA PRINCIPAL--NOMBRE DE PERSONA
Nombre de persona Berckmans, V. S. F.
9 (RLIN) 27853
245 14 - MENCIÓN DEL TÍTULO
Título Los tetracloronitrobencenos, los tetraclorodinitrobencenos y el pentacloronitrobenceno
Resto del título : sus reacciones con el metilato de sodio /
Mención de responsabilidad, etc. por V. S. F. Berckmans y A. F. Holleman.
260 ## - PUBLICACIÓN, DISTRIBUCIÓN, ETC.
Lugar de publicación, distribución, etc. [Madrid :
Nombre del editor, distribuidor, etc. s.n.,
Fecha de publicación, distribución, etc. 1926]
300 ## - DESCRIPCIÓN FÍSICA
Extensión 7 h. ;
Dimensiones 22 cm.
500 ## - NOTA GENERAL
Nota general Es separata de: Anales de la Sociedad Española de Física y Química, t. XXIII, p. 358-371.
700 1# - ENTRADA AGREGADA--NOMBRE PERSONAL
Nombre de persona Holleman, A. F.
9 (RLIN) 64030
852 ## - LOCALIZACIÓN
Ubicación ES-MaACL
Número de control de estantería 1691-F-14
Holdings
Estatus retirado Estado de pérdida Estado de daño No para préstamo Colección Biblioteca de origen Biblioteca actual Ubicación en estantería Fecha de adquisición Fuente de adquisición Total de préstamos Signatura topográfica completa Código de barras Visto por última vez Precio de reemplazo Tipo de ítem Koha
        Colección de folletos Biblioteca del Ateneo de Madrid Biblioteca del Ateneo de Madrid Depósito folletos 17/01/2008     1691-F-14 1034420 23/02/2023 23/02/2023 Folleto